Регионална библиотека "Любен Каравелов" - Русе

Принц на нищото (Запис номер 136192)

MARC детайли
000 -Лидер
Контролно поле с фиксирана дължина 01661nam a2200385 c 4500
003 - Код на организацията, давaща контролен номер
Контролно поле BLK
005 - Дата и час на последна редакция
Контролно поле 20240709132022.0
008 - Елементи от данни с фиксирана дължина
fixed length control field 180409b bul|||||r ||||||| ||bul||
010 ## - Наследен системен номер
LC control number KNG00142129000
020 ## - Международен стандартен номер на книга ISBN
Международен стандартен номер на книга ISBN 978-954-761-492-5
040 ## - Източник на каталожния запис
Идентификатор на билиотеката - собственик на записа BLK
041 ## - Код за език
Код за езика на текст/звукозапис или на отделно заглавие Български
Код за езика КДБФ Български
072 #7 - Код за тематичната категория
Код организация bullib
Код за тематична категория Н83
Текст Чужда художествена литература Н
080 ## - УДК
Текстов определител УДК Англоканадска литература
УДК код - определител по УДК 821.111(71)
УДК определител -312.9
УДК - код + определител 821.111(71)-312.9
100 1# - Редна дума - Автор
Автор Бакър, Р. Скот
Авторска отговорност първи автор
R(LIN) 35704
139 ## - Редно поле
Редна дума Бакър, Р. Скот
Авторски знак Баку - Б 17
245 10 - Сведения за заглавието
Заглавие Принц на нищото
Подзаглавни данни Роман : Кн. 1 -
Редно поле (дума) Р. Скот Бакър; прев. от англ. Симеон Димитров Цанев.
Том Кн. 1. Т. 1
Заглавие на том Тъмнината, която предхожда
257 ## - Страна на издаване
Страна на създаване/издаване Канада
260 ## - Област на издателските данни
Година на издаване 2011 -
Печатница София : Симолини
300 ## - Физическа характеристика
Размери/Мащаб 20 см
380 ## - Жанр
Жанр Худож. лит.
500 ## - Общи забележки
Забележка Ориг. загл. The Prince of Nothing / R. Scott Bakker. - Съдържа и за авт.
653 ## - Ключова дума – ненормативна
Ключова дума фентъзи
653 ## - Ключова дума – ненормативна
Ключова дума романи
659 ## - Тематичен бюлетин
Тематичен бюлетин Н
700 1# - Други автори (авторска отговорност)
Лично име Цанев, Симеон Димитров
Автороска отговорност (Описва отношението между автора и произведението) прев. от англ.
9 (RLIN) 373118
760 1# - Описание на основната серия
Редна дума на основното описание Бакър, Р. Скот
Място на издаване, издател и година ИнфоДар, 2011
Страници - том 446 с.
Забележка - том Ориг. загл. The Darkness that Comes Before.
Заглавие Кн. 1. Т. 1 Тъмнината, която предхожда
852 ## - Местоположение
Форматна сигнатура Цб 259319
856 4# - Електронен адрес и достъп
Електронен формат pdf - файл
856 4# - Електронен адрес и достъп
Електронен формат pdf - файл
999 ## - СИСТЕМНИ КОНТРОЛНИ НОМЕРА
Koha biblionumber 136192
Koha biblioitemnumber 136192
942 ## - АРТИКУЛИ
Вид на библиотечния материал Книги
Скрит в OPAC Не
Koha issues (borrowed), all copies 7
Периодичен библиозапис Да
944 ## - СЪЗДАВАНЕ И РЕДАКЦИЯ на ЗАПИСА
Създаване/Редакция Създаване
Дата на регистрацията/редакция 17.04.2013
Статус, дата на статуса Минев Младен
Служител, извършил регистрацията/редакцията 30530
944 ## - СЪЗДАВАНЕ И РЕДАКЦИЯ на ЗАПИСА
Създаване/Редакция Редакция
Дата на регистрацията/редакция 29.12.2016
Статус, дата на статуса ф /
Служител, извършил регистрацията/редакцията Людмила_Стоянова
999 ## - СИСТЕМНИ КОНТРОЛНИ НОМЕРА
Koha biblioitemnumber 136192
Наличности
Код за отписване Код за изгубен артикул Код за повреда Коз за рестрикции Код за отдаване Артикулен № Име на библиотеката - собственик Име на библиотеката, в която се намира в момента Статус (Текущо местоположение) Дата на вписване в системата Местоположение - отдел Цена в лева Инвентарен номер Систематично азбучна сигнатура Баркод Номер на екземпляра Цена в евро Служебна бележка Служебен тип на артикула
  Не е изгубен Не е повреден без рестрикции ползва се в читалня 222580 Регионална библиотека "Любен Каравелов" Русе Регионална библиотека "Любен Каравелов" Русе Хранилище 2013-04-17 Хранилище 14.00 120000765895 Цб 259319 120000765895 1 7.16 Дост: Dp Вид: Д N: 3 Дата: 23.01.2012 Книги
  Не е изгубен Не е повреден без рестрикции заемане за дома 222581 Регионална библиотека "Любен Каравелов" Русе Регионална библиотека "Любен Каравелов" Русе Заемна - подръчен фонд 2016-12-21 Заемна - подръчен фонд 5.00 120000806865 П 820(71)-31/Б 17 120000806865 2 2.56 Дост: Pk Вид: Ф N: 475 Дата: 19.12.2016 Дата инв: 14.02.2018 Бележки инв: П2018 Книги
Vip Innovations Ltd, Rousse, Bulgaria 2025